000 00590nam a2200205Ia 4500
005 20250508170041.0
008 008 250505s9999 xx 000 0 eng d
020 _a8176485012
037 _aTextual
040 _aFEDL
_beng
_cFEDL
041 _aeng
_2eng
084 _a299.934, KRI
_qFEDL
100 _aKrishnamurti J K
_9782826
245 0 _aTradition and revolution
260 _aLondon, UK
_bKrishnamurti Foundation Trust Ltd.
_c1972
300 _a254p.
546 _aGifted by prof. Bhartaya Baveja
942 _cTEXL
_h299.934, KRI
999 _c1398928
_d1398928